000 00715nam a22001817a 4500
999 _c196211
_d196211
005 20230711145853.0
010 _aB-754376-392 CHEN 25.5.23
020 _a9788131942048
_c450.00
035 _aB-754376-392
037 _bB.Jain Publishers (P) Ltd.
082 _a591
245 _aAnimals:
_b500 Facts /
260 _aNoida, U.P.
_bB.Jain Publishers (P) Ltd.
_c202?
270 _aD-157, Sector 63, Noida
_bNoida, U.P.
_e201307
300 _a192p.
_bcol.ill
_c24cm(Hb)
942 _2ddc
_cCH
_mANI
_h591